1898 Castilla y León 1998 (Record no. 186500)

MARC details
000 -LEADER
campo de control de longitud fija 00784nam a2200205 i 4500
001 - NÚMERO DE CONTROL
campo de control 186500
003 - IDENTIFICADOR DE NÚMERO DE CONTROL
campo de control SpMaBN
005 - FECHA Y HORA DE LA ÚLTIMA TRANSACCIÓN
campo de control 20230906222701.0
008 - DATOS DE LONGITUD FIJA--INFORMACIÓN GENERAL
campo de control de longitud fija 161118s1998 sp ao |||| | spa d
080 ## - NÚMERO DE LA CLASIFICACIÓN DECIMAL UNIVERSAL
Número de la Clasificación Decimal Universal 75.035/.036(460.18)(064.3)
245 00 - MENCIÓN DEL TÍTULO
Título 1898 Castilla y León 1998
Resto del título : [exposición] /
Mención de responsabilidad, etc. [textos, Josefa Eugenia Fernández Arufe, Juan Valverde Fuertes, Emilio de Diego, Carlos de la Casa... et al.].
260 ## - PUBLICACIÓN, DISTRIBUCIÓN, ETC.
Lugar de publicación, distribución, etc. [Valladolid] :
Nombre del editor, distribuidor, etc. Junta de Castilla y León,
Fecha de publicación, distribución, etc. [1998]
300 ## - DESCRIPCIÓN FÍSICA
Extensión 162 p. :
Otras características físicas il. col. ;
Dimensiones 28 cm.
650 #7 - PUNTO DE ACCESO ADICIONAL DE MATERIA--TÉRMINO DE MATERIA
Término de materia o nombre geográfico como elemento de entrada Pintura-
Subdivisión geográfica Castilla y León-
Subdivisión de forma Exposiciones.
9 (RLIN) 161320
655 #7 - TERMINO DE INDIZACIÓN--GENERO/FORMA
Fuente del término tgfbne
9 (RLIN) 193628
Datos o término principal de género/forma Catálogos de exposiciones
710 2# - ENTRADA AGREGADA--NOMBRE DE ENTIDAD CORPORATIVA
Nombre de entidad corporativa o nombre de jurisdicción como elemento de entrada Castilla y León.
Unidad subordinada Junta.
9 (RLIN) 2501
852 ## - LOCALIZACIÓN
Ubicación ES-MaACL
Número de control de estantería L-30844
942 ## - ELEMENTOS DE ENTRADA SECUNDARIOS (KOHA)
Fuente del sistema de clasificación o colocación Clasificación decimal universal
Holdings
Estatus retirado Estado de pérdida Estado de daño No para préstamo Biblioteca de origen Biblioteca actual Ubicación en estantería Fecha de adquisición Fuente de adquisición Total de préstamos Signatura topográfica completa Código de barras Visto por última vez Precio de reemplazo Tipo de ítem Koha
        Biblioteca del Ateneo de Madrid Biblioteca del Ateneo de Madrid Depósito 2 18/11/2016     L-30844 1196666 23/02/2023 23/02/2023 Libro impreso